00449nam a22001697a 450000500170000001000150001702000260003203500140005803700090007208200090008110000210009024500380011125000060014926000340015527000700018930000200025920260529163657.0 aENG-148667 a9789349042735c199.00 aEN-132199 bDBAD aS21 aKipling, Rudyard aThe Jungle Book/cRudyard Kipling a1 aChandigarhbThe Browserc2026 bChandigarhaSCO 14-15, Sector 8-Ce160009mservice@thebrowser.org a145p.c20cm(pb)